Zarzadzanie i marketing 3 Zarzadzanie firma
Guardado en:
| Otros Autores: | |
|---|---|
| Formato: | Libro |
| Lenguaje: | polaco inglés |
| Publicado: |
Wroclaw
Wydawnictwo Akademii Ekonomicznej im. Oskara Langego
1996
|
| Edición: | 1. wyd. |
| Colección: | Prace naukowe
Nr 731 |
| Materias: | |
| Etiquetas: |
Sin Etiquetas, Sea el primero en etiquetar este registro!
|
MARC
| LEADER | 00000nam a2200000 4500 | ||
|---|---|---|---|
| 001 | c018532 | ||
| 005 | 20250509102740.5 | ||
| 041 | 0 | |a pol | |
| 041 | 0 | |a eng | |
| 044 | |a PL | ||
| 245 | 1 | 0 | |a Zarzadzanie i marketing 3 |b Zarzadzanie firma |c Ved. red. Mieczyslaw Przybyla |
| 250 | |a 1. wyd. | ||
| 264 | 1 | |a Wroclaw |b Wydawnictwo Akademii Ekonomicznej im. Oskara Langego |c 1996 | |
| 300 | |a 257 s. | ||
| 490 | 1 | |a Prace naukowe |v Nr 731 | |
| 830 | 0 | |a Prace naukowe |v Nr 731 | |
| 610 | 2 | 0 | |a marketing |
| 610 | 2 | 0 | |a firmy |
| 610 | 2 | 0 | |a podnik |
| 610 | 2 | 0 | |a riadenie podnikové |
| 610 | 2 | 0 | |a organizácia podniku |
| 610 | 2 | 0 | |a zmeny štruktúrne |
| 610 | 2 | 0 | |a stratégia podniková |
| 610 | 2 | 0 | |a kontroling |
| 610 | 2 | 0 | |a rozvoj podniku |
| 610 | 2 | 0 | |a komunikácia |
| 610 | 2 | 0 | |a organizácia |
| 610 | 2 | 0 | |a práca |
| 610 | 2 | 0 | |a manažéri |
| 610 | 2 | 0 | |a kultúra podniková |
| 610 | 2 | 0 | |a školenie odborné |
| 610 | 2 | 0 | |a rozhodovanie finančné |
| 610 | 2 | 0 | |a investície |
| 610 | 2 | 0 | |a účtovníctvo |
| 610 | 2 | 0 | |a ekológia |
| 610 | 2 | 0 | |a transformácia |
| 610 | 2 | 0 | |a Poľsko |
| 700 | 1 | |a Przybyla, Mieczyslaw | |